000 01272nam a22003617a 4500
003 CHAP
005 20220817044124.0
008 060907d2006 mx r 00110 spa d
010 _a92680
011 _a93652
020 _a9703105416
035 _a104232
040 _cCHAP
082 0 4 _a635.9
_bC63
100 1 _aCorona Nava-Esparza, Víctor.
_928117
245 1 0 _aPlantas mexicanas con potencial ornamental
_c/por Víctor Corona Nava-Esparza y Aurora Chimal Hernández
260 _aMéxico, D. F. :
_bUniversidad Autónoma Metropolitana. Unidad Xochimilco,
_c2006.
300 _a626 p. :
_bcuadros
490 0 _aAcadémicos CBS
_v; 60
590 _aBATCH-UPD
_b10
_c20130110
_lUCH01
_h0610
590 _aBATCH-UPD
_b10
_c20130410
_lUCH01
_h0252
590 _aBATCH-UPD
_b10
_c20130913
_lUCH01
_h1852
590 _aCONVERSION
_b10
_c20130109
_lUCH01
_h1351
650 1 4 _aPlantas ornamentales.
650 1 4 _aPlantas
_xIdentificación.
_988842
700 0 _aChimal Hernández, Aurora.
_922542
830 0 _aAcadémicos CBS
_v; 60
_9393
901 _aBK
905 _aLilia
942 _cLIBRO
949 _a635.9 C63
_bBC
_cLIBRO
_d33724000993648
_eLIBRO
_h108194
_i104232
_si
949 _a635.9 C63
_bBC
_cLIBRO
_d33724002336553
_eLIBRO
_fc.2
_gI.c/e
_h116874
_i104232
_sb
_t$87.50
999 _c92680
_d92680